000 00757nam a2200253Ia 4500
003 OSt
005 20220928121007.0
006 a|||||r|||| 00| 0
007 ta
008 220927b |||||||| |||| 00| 0 eng d
020 _c1400
024 _a118238
037 _b57, 25/10/2012, Better Book Service
_cTextual
040 _aSDCL
_cSDCL
_beng
041 _2eng
_aeng
082 _aO44:g(R5), Q2
100 _aSingh A.K
_9399786
245 0 _aRevisiting Literature, Criticism and Aesthetics in India.
260 _aNew Delhi
_bD K Printworld (P) Ltd.
_c2012
300 _axii,608p
_ccm.
650 _aSanskrit
_9391587
942 _hO44:g(R5), Q2
_cTEXL
_2CC
999 _c765502
_d765502